[Event "31st Bulgarian Open Chmpionshi"]
[Site "Plovdiv, Bulgaria"]
[Date "2009.02.04"]
[Round "5.5"]
[White "Milchev, Nikolay"]
[Black "Vasilev, Milen"]
[Result "1/2-1/2"]
[WhiteElo "2377"]
[BlackElo "2502"]
[PlyCount "94"]
[EventDate "2009.02.01"]

1. Nf3 d5 2. c4 dxc4 3. Na3 Nf6 4. Nxc4 g6 5. b3 Bg7 6. Bb2 O-O 7. e3 Bf5 8. d4
Nbd7 9. Be2 a5 10. O-O c6 11. h3 Nb6 12. a4 Nbd5 13. Nfe5 Nb4 14. Nd3 Nfd5 15.
Qd2 Nxd3 16. Bxd3 Bxd3 17. Qxd3 Nb4 18. Qd2 c5 19. Rad1 Qc7 20. dxc5 Rfd8 21.
Qe2 Bxb2 22. Qxb2 Qxc5 23. Qe5 Qxe5 24. Nxe5 Kf8 25. f4 Ke8 26. Kf2 f6 27.
Rxd8+ Rxd8 28. Nc4 Nc6 29. Ke2 Rd5 30. Rd1 Rxd1 31. Kxd1 Kd7 32. Kd2 Kc7 33.
Kd3 Nb4+ 34. Kd4 b6 35. e4 Kc6 36. Ne3 h5 37. g4 e6 38. gxh5 gxh5 39. f5 exf5
40. Nxf5 Na6 41. Ne7+ Kd6 42. Nd5 Nc5 43. Nxf6 Nxb3+ 44. Kc4 Nc5 45. Kb5 Ke5
46. Nxh5 Kxe4 47. Ng7 Kf4 1/2-1/2

[Event "31st Bulgarian Open Chmpionshi"]
[Site "Plovdiv, Bulgaria"]
[Date "2009.02.04"]
[Round "5.6"]
[White "Nadj Hedjesi, Balind"]
[Black "Stanojoski, Zvonko"]
[Result "0-1"]
[WhiteElo "2348"]
[BlackElo "2493"]
[PlyCount "70"]
[EventDate "2009.02.01"]

1. e4 c5 2. Nc3 g6 3. h4 h5 4. b3 Bg7 5. Bb2 Nc6 6. Na4 Bxb2 7. Nxb2 Nf6 8. d3
d5 9. exd5 Qxd5 10. Nc4 Bg4 11. Ne3 Qe5 12. Be2 Nd4 13. Rc1 Rd8 14. c3 Nxe2 15.
Nxe2 Qd6 16. Nxg4 hxg4 17. d4 cxd4 18. Nxd4 g3 19. Qe2 Qf4 20. Rd1 Rxh4 21.
Rxh4 Qxh4 22. Qb5+ Rd7 23. fxg3 Qxg3+ 24. Kf1 Qxc3 25. Ne2 Qc6 26. Qxc6 bxc6
27. Rc1 Rd2 28. Rxc6 Rxa2 29. Rc7 Nd5 30. Rc8+ Kd7 31. Rf8 f6 32. g3 g5 33. Rb8
Kc7 34. Rb5 Rxe2 35. Rxd5 Re3 0-1

[Event "31st Bulgarian Open Chmpionshi"]
[Site "Plovdiv, Bulgaria"]
[Date "2009.02.04"]
[Round "5.7"]
[White "Petrov, Marijan"]
[Black "Kukov, Velislav"]
[Result "0-1"]
[WhiteElo "2477"]
[BlackElo "2373"]
[PlyCount "108"]
[EventDate "2009.02.01"]

1. e4 c6 2. d4 d5 3. Nc3 dxe4 4. Nxe4 Bf5 5. Ng3 Bg6 6. h4 h6 7. Nf3 e6 8. h5
Bh7 9. Bd3 Bxd3 10. Qxd3 Nf6 11. Bd2 c5 12. Ne4 Nxe4 13. Qxe4 Nc6 14. dxc5 Bxc5
15. Bc3 O-O 16. Rh3 e5 17. Kf1 Re8 18. Nh4 Nd4 19. Bxd4 Qxd4 20. Qxd4 exd4 21.
Nf5 Re5 22. g4 Rae8 23. Rd3 Re4 24. f3 Re2 25. Rc1 Rh2 26. Kg1 Ree2 27. Nxd4
Rxc2 28. Rxc2 Rxc2 29. b4 Bb6 30. Kf1 Rc4 31. Nf5 Rxb4 32. Rd7 Rb2 33. Rxb7
Rf2+ 34. Ke1 Rxf3 35. Rb8+ Kh7 36. Rf8 Rf4 37. Rxf7 Rxg4 38. Ne7 Rg5 39. Rf5
Bd8 40. Rxg5 hxg5 41. Nf5 g6 42. hxg6+ Kxg6 43. Nd6 Be7 44. Nb5 Bc5 45. Ke2 Kh5
46. Kf3 Kh4 47. Kg2 Kg4 48. Nc7 Kf5 49. a4 a5 50. Nb5 Ke4 51. Kg3 Kd5 52. Kg4
Be3 53. Nc3+ Kc4 54. Ne4 Kb4 0-1

[Event "31st Bulgarian Open Chmpionshi"]
[Site "Plovdiv, Bulgaria"]
[Date "2009.02.04"]
[Round "5.8"]
[White "Janev, Evgeni"]
[Black "Vasilev, Vasil Aleksandrov"]
[Result "1/2-1/2"]
[WhiteElo "2454"]
[BlackElo "2306"]
[PlyCount "143"]
[EventDate "2009.02.01"]

1. e4 Nc6 2. Nf3 e5 3. Bc4 Bc5 4. c3 Nf6 5. d3 d6 6. Nbd2 O-O 7. Bb3 a6 8. h3
Be6 9. Bc2 h6 10. O-O Ba7 11. Re1 Re8 12. Nf1 d5 13. exd5 Qxd5 14. Be3 Bxe3 15.
Rxe3 Rad8 16. Qe1 Qb5 17. b4 Bf5 18. a4 Qd5 19. Ng3 Bh7 20. Rb1 b5 21. Ne4 Bxe4
22. dxe4 Qe6 23. Bb3 Qc8 24. Qe2 Qb7 25. Qa2 Rd7 26. Nh4 Nd8 27. Nf5 Nxe4 28.
Qe2 Nf6 29. axb5 axb5 30. Rg3 Qe4 31. Rxg7+ Kf8 32. Qxe4 Nxe4 33. Rh7 Kg8 34.
Rxh6 Nd2 35. Rd1 Re6 36. Rh4 Red6 37. Rg4+ Kf8 38. Bc2 Nf3+ 39. gxf3 Rxd1+ 40.
Bxd1 Rxd1+ 41. Kh2 Rc1 42. Rh4 Ke8 43. Re4 Rxc3 44. Rxe5+ Kd7 45. Kg3 Ne6 46.
Rxb5 Rb3 47. h4 Rb1 48. Rb8 Rg1+ 49. Kh2 Rg6 50. Ne3 Nd4 51. Ng4 Nxf3+ 52. Kg3
f5 53. Kxf3 Rxg4 54. h5 Rh4 55. Rb5 Rxh5 56. Kf4 c6 57. Rxf5 Rh4+ 58. Ke5 Rxb4
59. Rf7+ Ke8 60. Rc7 Rc4 61. f4 Rc1 62. f5 c5 63. Ke6 Re1+ 64. Kf6 Rc1 65. Rh7
c4 66. Rh8+ Kd7 67. Kf7 c3 68. Rh3 Kd6 69. f6 Ke5 70. Ke7 Rf1 71. f7 Kd4 72.
f8=Q 1/2-1/2

[Event "31st Bulgarian Open Chmpionshi"]
[Site "Plovdiv, Bulgaria"]
[Date "2009.02.04"]
[Round "5.10"]
[White "Popchev, Milko"]
[Black "Todorov, Ognjan"]
[Result "1/2-1/2"]
[WhiteElo "2444"]
[BlackElo "2303"]
[PlyCount "33"]
[EventDate "2009.02.01"]

1. Nf3 Nf6 2. g3 b6 3. Bg2 Bb7 4. O-O e6 5. d4 c5 6. c4 cxd4 7. Nxd4 Bxg2 8.
Kxg2 Qc8 9. b3 Nc6 10. Bb2 Nxd4 11. Qxd4 Bc5 12. Qd3 Qb7+ 13. Qf3 Qxf3+ 14.
Kxf3 a6 15. Bxf6 gxf6 16. Nc3 Rb8 17. Rfd1 1/2-1/2

[Event "31st Bulgarian Open Chmpionshi"]
[Site "Plovdiv, Bulgaria"]
[Date "2009.02.04"]
[Round "5.11"]
[White "Janev, Tihomir"]
[Black "Dochev, Dimitar"]
[Result "1/2-1/2"]
[WhiteElo "2297"]
[BlackElo "2433"]
[PlyCount "130"]
[EventDate "2009.02.01"]

1. Nf3 Nf6 2. d4 g6 3. c4 Bg7 4. Nc3 O-O 5. e4 d6 6. h3 e5 7. dxe5 dxe5 8. Be3
Nc6 9. Be2 Qe7 10. O-O Rd8 11. Nd5 Nxd5 12. cxd5 Nd4 13. Nxd4 exd4 14. Bxd4
Qxe4 15. Bxg7 Kxg7 16. Bf3 Qb4 17. Qe2 Bf5 18. Qe5+ Kg8 19. Rac1 Qd6 20. Qc3
Rac8 21. Qb3 Qb6 22. Rc3 Rd6 23. Rfc1 Qxb3 24. axb3 Rb6 25. Rxc7 Rxc7 26. Rxc7
Rxb3 27. d6 Rd3 28. Rxb7 Rxd6 29. Rxa7 Rd4 30. Rb7 Be4 31. Bxe4 Rxe4 32. g3 Re2
33. Kg2 g5 34. Kf3 Rc2 35. Kg4 Rxf2 36. Kxg5 Kg7 37. h4 h6+ 38. Kg4 Kg6 39.
Rb6+ Kg7 40. b4 Rb2 41. Kf4 Rf2+ 42. Ke4 Rg2 43. Kf3 Rb2 44. b5 Rb4 45. Rb8 Kh7
46. b6 Kg6 47. Ke3 Kf5 48. h5 Kg4 49. b7 Kxh5 50. Kd3 Rb1 51. Ke4 Rb5 52. Kd4
f6 53. Kc4 Rb1 54. Kd5 Rb6 55. Kc5 Rb1 56. Kc6 Rc1+ 57. Kd6 Rb1 58. Ke6 Rb6+
59. Kf5 Rb5+ 60. Kxf6 Rb6+ 61. Kg7 Kg4 62. Kh7 Kh3 63. g4 Kh4 64. Rg8 Rxb7+ 65.
Kxh6 Rb6+ 1/2-1/2

[Event "31st Bulgarian Open Chmpionshi"]
[Site "Plovdiv, Bulgaria"]
[Date "2009.02.04"]
[Round "5.12"]
[White "Vlashki, Nino"]
[Black "Nikolov, Sasho"]
[Result "0-1"]
[WhiteElo "2200"]
[BlackElo "2398"]
[PlyCount "94"]
[EventDate "2009.02.01"]

1. f4 d5 2. Nf3 g6 3. e3 Bg7 4. Be2 c5 5. O-O Nc6 6. d4 Nf6 7. c3 O-O 8. Bd2
Qb6 9. Qb3 c4 10. Qc2 Bf5 11. Qc1 Ne4 12. Nh4 Bd7 13. Be1 e6 14. Nd2 Nxd2 15.
Qxd2 Ne7 16. g4 f6 17. e4 dxe4 18. Bxc4 Kh8 19. Bf2 Qc7 20. Bb3 f5 21. gxf5
gxf5 22. Ng2 Ng6 23. Be3 Rae8 24. Rad1 Bb5 25. c4 Bxc4 26. Rc1 b5 27. Bxc4 bxc4
28. b3 c3 29. Rxc3 Qf7 30. Rfc1 Ne7 31. Rc7 Qh5 32. Rxa7 Nd5 33. b4 Rd8 34.
Rcc7 Nxc7 35. Rxc7 Rf7 36. Rc6 Rfd7 37. Rxe6 Bxd4 38. Bxd4+ Rxd4 39. Qc3 Qf7
40. Rc6 Qg7 41. Kf1 Rd1+ 42. Ne1 Qxc3 43. Rxc3 Rb1 44. Rb3 Rxb3 45. axb3 Rd2
46. Ng2 Kg7 47. Ne3 Kf6 0-1

[Event "31st Bulgarian Open Chmpionshi"]
[Site "Plovdiv, Bulgaria"]
[Date "2009.02.04"]
[Round "5.13"]
[White "Dimitrov, Pavel"]
[Black "Galunov, Todor"]
[Result "1/2-1/2"]
[WhiteElo "2395"]
[BlackElo "2297"]
[PlyCount "76"]
[EventDate "2009.02.01"]

1. e4 e6 2. d4 d5 3. e5 c5 4. c3 Nc6 5. Nf3 Qb6 6. Be2 cxd4 7. cxd4 Nge7 8. Na3
Nf5 9. Nc2 Bb4+ 10. Bd2 Bxd2+ 11. Qxd2 Qxb2 12. O-O Qb6 13. Bd3 O-O 14. g4 Nfe7
15. Rab1 Qd8 16. Ng5 Ng6 17. f4 f6 18. Nf3 f5 19. gxf5 exf5 20. Rf2 Qe7 21. Kh1
Nd8 22. Nb4 Qd7 23. Bc2 Ne6 24. Nd3 b6 25. h4 Ba6 26. h5 Bxd3 27. hxg6 Be4 28.
gxh7+ Kxh7 29. Rg1 Rh8 30. Bxe4 dxe4 31. Rh2+ Kg8 32. Rxh8+ Kxh8 33. Nh4 Qxd4
34. Qh2 Qd3 35. Rg3 Qf1+ 36. Rg1 Qd3 37. Rg3 Qf1+ 38. Rg1 Qd3 1/2-1/2

[Event "31st Bulgarian Open Chmpionshi"]
[Site "Plovdiv, Bulgaria"]
[Date "2009.02.04"]
[Round "5.14"]
[White "Mrdja, Milan"]
[Black "Dinev, Dejan"]
[Result "1-0"]
[WhiteElo "2386"]
[BlackElo "2303"]
[PlyCount "49"]
[EventDate "2009.02.01"]

1. e4 c5 2. Nf3 Nc6 3. d4 cxd4 4. Nxd4 e5 5. Nb5 d6 6. c4 a6 7. N5c3 h6 8. Nd5
Nf6 9. Nbc3 Be6 10. Be3 Bxd5 11. cxd5 Nb8 12. Qb3 b5 13. a4 Qa5 14. Rc1 Nxe4
15. axb5 Nc5 16. Bxc5 dxc5 17. bxa6 Qb4 18. Bb5+ Kd8 19. Qc2 Nxa6 20. O-O Qf4
21. g3 Qf6 22. Ra1 Nc7 23. d6 Bxd6 24. Rxa8+ Nxa8 25. Ne4 1-0

[Event "31st Bulgarian Open Chmpionshi"]
[Site "Plovdiv, Bulgaria"]
[Date "2009.02.04"]
[Round "5.15"]
[White "Rusev, Krasimir"]
[Black "Dorfanis, Ilarion"]
[Result "1-0"]
[WhiteElo "2546"]
[BlackElo "2173"]
[PlyCount "95"]
[EventDate "2009.02.01"]

1. d4 d5 2. Nf3 Nf6 3. c4 c6 4. cxd5 cxd5 5. Nc3 Nc6 6. Bf4 Bf5 7. e3 e6 8. Qb3
Bb4 9. Ne5 Qb6 10. Be2 Nxe5 11. Bxe5 O-O 12. O-O Bxc3 13. bxc3 Ne4 14. Rfc1
Rfc8 15. c4 dxc4 16. Rxc4 Rxc4 17. Qxc4 Nd6 18. Bxd6 Qxd6 19. Rc1 e5 20. Qc5
Rd8 21. Qxd6 Rxd6 22. dxe5 Rd2 23. Bc4 Kf8 24. Bb3 Ke7 25. h3 Be6 26. Rc7+ Rd7
27. Rc3 Bxb3 28. axb3 Ke6 29. f4 Kf5 30. Kf2 Ke4 31. Rc4+ Kd3 32. Kf3 b5 33.
Rc6 Re7 34. b4 a6 35. Rxa6 Kc4 36. Ke4 Kxb4 37. Kd4 Rd7+ 38. Rd6 Rc7 39. f5 Kb3
40. e6 fxe6 41. fxe6 b4 42. Rd7 Rc8 43. e7 Re8 44. Kd5 Kc2 45. Ke6 b3 46. Rc7+
Kd3 47. Rb7 Kc2 48. Kf7 1-0

[Event "31st Bulgarian Open Chmpionshi"]
[Site "Plovdiv, Bulgaria"]
[Date "2009.02.04"]
[Round "5.16"]
[White "Pelitov, Dimitar"]
[Black "Lilov, Valeri"]
[Result "0-1"]
[WhiteElo "2189"]
[BlackElo "2443"]
[PlyCount "102"]
[EventDate "2009.02.01"]

1. e4 c5 2. Nf3 Nc6 3. Bb5 g6 4. O-O Bg7 5. Re1 e5 6. c3 Nge7 7. Na3 O-O 8. d4
cxd4 9. cxd4 exd4 10. h3 a6 11. Bf1 d6 12. Bf4 b5 13. Qd2 Re8 14. Bh6 Bh8 15.
Nc2 Qb6 16. Rad1 Bb7 17. Ncxd4 Nxd4 18. Nxd4 Bxd4 19. Qxd4 Qxd4 20. Rxd4 Nf5
21. exf5 Rxe1 22. fxg6 hxg6 23. Rxd6 Rb1 24. Rd2 Re8 25. Be3 Be4 26. b3 Bf5 27.
g4 Bc8 28. Rd6 Bb7 29. Rd2 Bf3 30. g5 Kh7 31. Rd4 Kh8 32. Rd2 b4 33. Rc2 Rd1
34. h4 Re4 35. Rc8+ Kh7 36. Rc7 Be2 37. Rxf7+ Kg8 38. Rf6 Rxf1+ 39. Kg2 Rg4+
40. Kh2 Rxh4+ 41. Kg2 Rg4+ 42. Kh2 Bd3 43. f3 Rh4+ 44. Kg3 Rhh1 45. Bc5 Rc1 46.
Bxb4 Rcg1+ 47. Kf2 Rxg5 48. Rf8+ Kg7 49. Ra8 Bb5 50. a4 Rf1+ 51. Ke3 Bc6 0-1

[Event "31st Bulgarian Open Chmpionshi"]
[Site "Plovdiv, Bulgaria"]
[Date "2009.02.04"]
[Round "5.17"]
[White "Miljkovic, Miroslav D"]
[Black "Glavchev, Stanislav"]
[Result "1-0"]
[WhiteElo "2442"]
[BlackElo "2160"]
[PlyCount "93"]
[EventDate "2009.02.01"]

1. d4 d5 2. c4 Nc6 3. Nf3 Bg4 4. Nc3 e6 5. cxd5 exd5 6. Bf4 Bd6 7. Bg3 Nge7 8.
e3 Qd7 9. Be2 O-O 10. O-O a6 11. Rc1 Bxg3 12. hxg3 Qd6 13. Ne1 Bxe2 14. Qxe2
Nd8 15. Nd3 Ne6 16. Na4 b6 17. Rc2 f6 18. Rfc1 a5 19. Rc3 Rfe8 20. Qc2 Ra7 21.
Qb3 Ng5 22. R3c2 Ne4 23. a3 g5 24. Nc3 Nxc3 25. Rxc3 Kg7 26. g4 Qd7 27. Qd1 c6
28. R1c2 Qe6 29. Nc1 Rc8 30. Qf3 Rac7 31. Ne2 c5 32. dxc5 Rxc5 33. Nd4 Qe5 34.
a4 Rxc3 35. Rxc3 Rxc3 36. bxc3 Kf7 37. Qd1 Qe4 38. g3 Qe5 39. Qb1 Qd6 40. Qxh7+
Ke8 41. Qh8+ Kf7 42. Qh5+ Kf8 43. f4 gxf4 44. gxf4 Kg7 45. Qe8 Kh7 46. Qf7+ Kh8
47. Ne6 1-0

[Event "31st Bulgarian Open Chmpionshi"]
[Site "Plovdiv, Bulgaria"]
[Date "2009.02.04"]
[Round "5.19"]
[White "Dobrev, Nayden"]
[Black "Kojovic, Dragan"]
[Result "0-1"]
[WhiteElo "2142"]
[BlackElo "2403"]
[PlyCount "46"]
[EventDate "2009.02.01"]

1. d4 c5 2. d5 Nf6 3. c4 b5 4. cxb5 a6 5. b6 e6 6. Nc3 Nxd5 7. Nxd5 exd5 8.
Qxd5 Nc6 9. e4 Be7 10. Nf3 Rb8 11. Bc4 O-O 12. Qh5 Rxb6 13. O-O d6 14. Rd1 Be6
15. Bd3 c4 16. Bc2 Rb5 17. e5 g6 18. Qh6 Nxe5 19. Ng5 Bxg5 20. Bxg5 Nf3+ 21.
gxf3 Rxg5+ 22. Kh1 Qf6 23. Be4 Qf4 0-1

[Event "31st Bulgarian Open Chmpionshi"]
[Site "Plovdiv, Bulgaria"]
[Date "2009.02.04"]
[Round "5.20"]
[White "Popovic, Milos T"]
[Black "Dorosiev, Bobi"]
[Result "1-0"]
[WhiteElo "2400"]
[BlackElo "2132"]
[PlyCount "50"]
[EventDate "2009.02.01"]

1. d4 Nf6 2. Bg5 d5 3. e3 c6 4. Bxf6 exf6 5. c4 dxc4 6. Bxc4 Bd6 7. Nc3 Nd7 8.
Qc2 O-O 9. Bd3 g6 10. Nf3 f5 11. h3 Nf6 12. O-O-O Re8 13. Rdg1 b5 14. g4 fxg4
15. hxg4 b4 16. g5 bxc3 17. gxf6 cxb2+ 18. Kb1 Qxf6 19. Ng5 Re6 20. Nxh7 Qg7
21. Ng5 Rf6 22. Qxc6 Rb8 23. Qe8+ Qf8 24. Nh7 Qxe8 25. Nxf6+ Kf8 1-0

[Event "31st Bulgarian Open Chmpionshi"]
[Site "Plovdiv, Bulgaria"]
[Date "2009.02.04"]
[Round "5.21"]
[White "Mladenov, Plamen"]
[Black "Stojanov, Alexandar"]
[Result "1-0"]
[WhiteElo "2373"]
[BlackElo "2099"]
[PlyCount "71"]
[EventDate "2009.02.01"]

1. c4 c5 2. Nf3 e6 3. d4 cxd4 4. Nxd4 b6 5. Nc3 Bb7 6. e4 d6 7. g3 a6 8. Bg2
Qc7 9. Be3 Nf6 10. O-O Be7 11. Rc1 Nbd7 12. Nd5 exd5 13. cxd5 Qd8 14. Nc6 Bxc6
15. dxc6 Rc8 16. cxd7+ Nxd7 17. Qa4 O-O 18. Qxa6 Ra8 19. Qc4 Bf6 20. Rc2 Rc8
21. Qxc8 Qxc8 22. Rxc8 Rxc8 23. Rd1 Bxb2 24. Rxd6 Ne5 25. Bxb6 Nc4 26. Rd8+
Rxd8 27. Bxd8 Bd4 28. Bf1 Nd6 29. Bd3 Kf8 30. Kf1 Ke8 31. Ba5 g5 32. f4 f6 33.
Bb4 Kd7 34. e5 fxe5 35. Bxd6 Kxd6 36. fxg5 1-0

[Event "31st Bulgarian Open Chmpionshi"]
[Site "Plovdiv, Bulgaria"]
[Date "2009.02.04"]
[Round "5.22"]
[White "Stoyanov, Stoyan H"]
[Black "Arnaudov, G  Petar"]
[Result "0-1"]
[WhiteElo "2137"]
[BlackElo "2347"]
[PlyCount "122"]
[EventDate "2009.02.01"]

1. d4 Nf6 2. c4 Nc6 3. Nc3 e5 4. d5 Ne7 5. e4 Ng6 6. Be3 Bb4 7. f3 Bxc3+ 8.
bxc3 d6 9. c5 O-O 10. cxd6 cxd6 11. Qb3 Nd7 12. Qc4 f5 13. exf5 Rxf5 14. Bd3
Rf7 15. Ne2 Nf6 16. O-O Nh5 17. Rab1 Nhf4 18. Nxf4 Nxf4 19. Bxf4 Rxf4 20. Be4
Rf7 21. Rb2 g6 22. Qd3 Kg7 23. Qe3 b6 24. f4 Ba6 25. Rf3 exf4 26. Rxf4 Rxf4 27.
Qxf4 Qe7 28. h3 Rf8 29. Qe3 Rf1+ 30. Kh2 Qe5+ 31. g3 Rd1 32. Qf3 Rf1 33. Qe3
Bc4 34. Qd4 Qxd4 35. cxd4 Rd1 36. a4 Rxd4 37. Bg2 Rd1 38. Rc2 Rd4 39. Rb2 h5
40. h4 Kf6 41. Rf2+ Ke7 42. Rb2 Bxd5 43. a5 bxa5 44. Bxd5 Rxd5 45. Rb7+ Kf6 46.
Rxa7 Rb5 47. Rd7 d5 48. Kg2 a4 49. Ra7 Rb4 50. Kf3 Ke5 51. Ke2 Rb2+ 52. Kd3
Rb3+ 53. Kc2 Rxg3 54. Rxa4 Rg4 55. Ra6 Kf5 56. Rd6 d4 57. Kd3 Rxh4 58. Rd5+ Ke6
59. Rg5 Kf6 60. Ra5 Rf4 61. Rb5 h4 0-1

[Event "31st Bulgarian Open Chmpionshi"]
[Site "Plovdiv, Bulgaria"]
[Date "2009.02.04"]
[Round "5.23"]
[White "Voiska, Margarita"]
[Black "Ostojic, Nikola M"]
[Result "1-0"]
[WhiteElo "2339"]
[BlackElo "2086"]
[PlyCount "95"]
[EventDate "2009.02.01"]

1. Nf3 d5 2. g3 Nf6 3. Bg2 Bg4 4. O-O e6 5. c4 c6 6. cxd5 exd5 7. d3 Be7 8. Nc3
O-O 9. h3 Bh5 10. Nd4 Bc5 11. Be3 Nbd7 12. Na4 Bd6 13. Nf5 Bc7 14. Bf4 Re8 15.
Re1 Nf8 16. Qd2 Ne6 17. Bxc7 Qxc7 18. f4 Nd7 19. e4 dxe4 20. dxe4 f6 21. Qd6
Rac8 22. Rac1 Nb6 23. Qxc7 Rxc7 24. Nxb6 axb6 25. e5 fxe5 26. Rxe5 Bf7 27. Rd1
Rd8 28. Rxd8+ Nxd8 29. Nd6 Rd7 30. Nxf7 Kxf7 31. Kf2 Rd2+ 32. Re2 Rxe2+ 33.
Kxe2 Ke6 34. Be4 h6 35. Bc2 b5 36. Bb3+ Kd6 37. Ke3 c5 38. g4 Nc6 39. Bd1 Nd4
40. Ke4 b4 41. g5 b6 42. h4 hxg5 43. fxg5 Ke6 44. h5 Kd6 45. h6 Ne6 46. Kf5
gxh6 47. gxh6 Nf8 48. Be2 1-0

[Event "31st Bulgarian Open Chmpionshi"]
[Site "Plovdiv, Bulgaria"]
[Date "2009.02.04"]
[Round "5.24"]
[White "Nikolov, Jordan"]
[Black "Stamenkov, Vanco"]
[Result "0-1"]
[WhiteElo "2130"]
[BlackElo "2333"]
[PlyCount "70"]
[EventDate "2009.02.01"]

1. e4 d6 2. d4 Nf6 3. Nc3 e5 4. Nf3 Nbd7 5. h3 Be7 6. g3 c6 7. a4 b6 8. Bg2 Ba6
9. Bf1 Bxf1 10. Kxf1 a6 11. d5 cxd5 12. exd5 Qc7 13. Kg2 O-O 14. Be3 Qb7 15.
Qd3 Rfc8 16. Rhd1 Rc7 17. Ng5 Rac8 18. Rd2 h6 19. Nge4 Nxe4 20. Qxe4 Bf8 21. g4
g6 22. Ne2 Rc4 23. Qd3 Bg7 24. c3 e4 25. Qc2 Nf6 26. Qd1 h5 27. g5 Nd7 28. Qb3
Be5 29. Ra3 Qc7 30. Nc1 Qd8 31. Qd1 f5 32. h4 f4 33. Bd4 f3+ 34. Kh1 Qf8 35.
Be3 Qf5 0-1

[Event "31st Bulgarian Open Chmpionshi"]
[Site "Plovdiv, Bulgaria"]
[Date "2009.02.04"]
[Round "5.25"]
[White "Gocev, Plamen"]
[Black "Stoinev, Metodi"]
[Result "1/2-1/2"]
[WhiteElo "2094"]
[BlackElo "2324"]
[PlyCount "84"]
[EventDate "2009.02.01"]

1. c4 Nf6 2. Nc3 c6 3. d4 d5 4. e3 g6 5. Nf3 Bg7 6. Bd3 O-O 7. O-O Bg4 8. h3
Bxf3 9. Qxf3 dxc4 10. Bxc4 Nbd7 11. Rd1 e5 12. d5 e4 13. Qe2 cxd5 14. Nxd5 Nb6
15. Nxb6 Qxb6 16. b3 Rad8 17. Bb2 Rxd1+ 18. Rxd1 Rd8 19. Rxd8+ Qxd8 20. Qc2 Qe7
21. Bxf6 Bxf6 22. Bd5 b6 23. Qxe4 Qxe4 24. Bxe4 h5 25. Kf1 Kf8 26. Ke2 Ke7 27.
Bd5 Bc3 28. f4 a5 29. a4 Bb4 30. Kf3 Bc5 31. e4 f6 32. h4 Bb4 33. g4 hxg4+ 34.
Kxg4 Kf8 35. Bc6 Bc3 36. Bb5 Kg7 37. Be8 Bd4 38. h5 gxh5+ 39. Bxh5 Kf8 40. Kf5
Ke7 41. Be2 Bc3 42. Bc4 Bd4 1/2-1/2

[Event "31st Bulgarian Open Chmpionshi"]
[Site "Plovdiv, Bulgaria"]
[Date "2009.02.04"]
[Round "5.26"]
[White "Badev, Kiril"]
[Black "Dimitrov, Marin"]
[Result "1-0"]
[WhiteElo "2297"]
[BlackElo "2075"]
[PlyCount "55"]
[EventDate "2009.02.01"]

1. e4 c5 2. Nf3 Nc6 3. d4 cxd4 4. Nxd4 Nf6 5. Nc3 d6 6. Bg5 Qb6 7. Nb3 e6 8.
Be2 Be7 9. O-O a6 10. a4 Qc7 11. Be3 b6 12. f4 Rb8 13. Qe1 Na5 14. Rd1 Nc4 15.
Bc1 b5 16. axb5 axb5 17. Bd3 d5 18. e5 Nd7 19. Kh1 g6 20. Nd4 b4 21. Ncb5 Qc5
22. b3 Ba6 23. bxc4 dxc4 24. f5 gxf5 25. Bxf5 Bxb5 26. Bxe6 fxe6 27. Nxe6 Qxe5
28. Qxe5 1-0

[Event "31st Bulgarian Open Chmpionshi"]
[Site "Plovdiv, Bulgaria"]
[Date "2009.02.04"]
[Round "5.27"]
[White "Elez, Nikola"]
[Black "Klasan, Vladimir"]
[Result "1-0"]
[WhiteElo "2078"]
[BlackElo "2290"]
[PlyCount "83"]
[EventDate "2009.02.01"]

1. e4 c5 2. b3 d6 3. Bb2 Nf6 4. Bb5+ Nbd7 5. Bxf6 gxf6 6. Qh5 a6 7. Bxd7+ Qxd7
8. Nc3 Qg4 9. Qxg4 Bxg4 10. Nd5 O-O-O 11. Ne2 Rg8 12. Rg1 Be6 13. Nef4 f5 14.
exf5 Bxf5 15. O-O-O e6 16. Nf6 Rh8 17. g4 Bg6 18. Rde1 Bg7 19. N4h5 Bxh5 20.
Nxh5 Bd4 21. Rg2 Rhg8 22. f4 Kd7 23. h4 h6 24. c3 Bh8 25. Reg1 Rg6 26. g5 hxg5
27. fxg5 Be5 28. Rg4 Rdg8 29. d4 cxd4 30. cxd4 f5 31. dxe5 fxg4 32. Nf6+ Rxf6
33. exf6 e5 34. Rxg4 Ke6 35. Rc4 d5 36. Rc7 e4 37. f7 Rh8 38. g6 Kf6 39. h5 d4
40. Kd2 Rf8 41. Rxb7 Kg7 42. Re7 1-0

[Event "31st Bulgarian Open Chmpionshi"]
[Site "Plovdiv, Bulgaria"]
[Date "2009.02.04"]
[Round "5.28"]
[White "Basaric, Srdjan"]
[Black "Jevtic, Sasa"]
[Result "1/2-1/2"]
[WhiteElo "2070"]
[BlackElo "2275"]
[PlyCount "119"]
[EventDate "2009.02.01"]

1. e4 d5 2. exd5 Qxd5 3. Nc3 Qa5 4. g3 Nf6 5. Bg2 c6 6. Nge2 h5 7. h3 Bf5 8. b4
Qc7 9. b5 a6 10. b6 Qxb6 11. Rb1 Qc7 12. d4 e6 13. Bf4 Qc8 14. a4 Nbd7 15. a5
Nd5 16. Bd2 Bd6 17. Ne4 Bc7 18. Rb3 Bxe4 19. Bxe4 N7f6 20. Bg2 Rb8 21. c4 Ne7
22. Qb1 O-O 23. O-O Nf5 24. Qb2 Nd6 25. Rc1 Rd8 26. Qc2 Nf5 27. Rd3 Qd7 28. d5
c5 29. Rf3 Be5 30. Bc3 Nd4 31. Bxd4 cxd4 32. Rd1 exd5 33. Rf5 d3 34. Qxd3 dxc4
35. Qxd7 Rxd7 36. Rc1 Bc7 37. Rxc4 b5 38. axb6 Bxb6 39. Bf3 Rd6 40. Nf4 Rd2 41.
Ne2 Rd6 42. Re5 g6 43. Rc6 Rbd8 44. Rxd6 Rxd6 45. Nf4 Rd2 46. Re2 Rxe2 47. Bxe2
a5 48. Bf3 Bd4 49. Bc6 Kf8 50. Kf1 Ne8 51. g4 hxg4 52. hxg4 Ke7 53. Ke2 Nd6 54.
Nd5+ Ke6 55. Nc7+ Ke5 56. Nb5 Ne4 57. f4+ Kxf4 58. Nxd4 Ng3+ 59. Kd3 Kxg4 60.
Be8 1/2-1/2

[Event "31st Bulgarian Open Chmpionshi"]
[Site "Plovdiv, Bulgaria"]
[Date "2009.02.04"]
[Round "5.29"]
[White "Shishkov, Minko"]
[Black "Tzouganakis, Panteleimon"]
[Result "1/2-1/2"]
[WhiteElo "2271"]
[BlackElo "2023"]
[PlyCount "40"]
[EventDate "2009.02.01"]

1. d4 Nf6 2. c4 g6 3. Nc3 Bg7 4. e4 d6 5. h3 O-O 6. Nf3 e5 7. d5 Na6 8. Nd2 Ne8
9. h4 f5 10. h5 f4 11. hxg6 hxg6 12. Be2 Qg5 13. Nf3 Qxg2 14. Rg1 Qh3 15. Rxg6
Nf6 16. Rg1 Nc5 17. Ng5 Qh2 18. Nf3 Qh3 19. Ng5 Qh2 20. Nf3 Qh3 1/2-1/2

[Event "31st Bulgarian Open Chmpionshi"]
[Site "Plovdiv, Bulgaria"]
[Date "2009.02.04"]
[Round "5.30"]
[White "Andreev, Sasho"]
[Black "Andonovski, Ljubisa"]
[Result "0-1"]
[WhiteElo "2063"]
[BlackElo "2270"]
[PlyCount "48"]
[EventDate "2009.02.01"]

1. e4 c5 2. Nf3 e6 3. d3 Nc6 4. Nbd2 Nge7 5. h4 d5 6. h5 h6 7. g4 e5 8. Rg1 Be6
9. exd5 Nxd5 10. Nc4 Qc7 11. g5 O-O-O 12. Qe2 Nd4 13. Nxd4 exd4 14. gxh6 gxh6
15. Bd2 Bd6 16. Nxd6+ Qxd6 17. a3 Nf4 18. Qf3 Qe5+ 19. Be2 Nxe2 20. Qxe2 Qd5
21. Bf4 Rde8 22. Kd2 Bd7 23. Qd1 Re6 24. Qg4 Rhe8 0-1

[Event "31st Bulgarian Open Chmpionshi"]
[Site "Plovdiv, Bulgaria"]
[Date "2009.02.04"]
[Round "5.32"]
[White "Manelidou, Maria"]
[Black "Skoko, Milan"]
[Result "1-0"]
[WhiteElo "2035"]
[BlackElo "2248"]
[PlyCount "85"]
[EventDate "2009.02.01"]

1. e4 c5 2. Nf3 Nc6 3. Bb5 g6 4. Bxc6 dxc6 5. O-O Bg7 6. Nc3 e5 7. d3 Qe7 8.
Ne1 Nf6 9. f4 Bg4 10. Nf3 exf4 11. Bxf4 Nh5 12. Be3 Bd4 13. Qe1 Bxf3 14. Rxf3
O-O 15. Qf2 Rad8 16. Rf1 f5 17. exf5 Rxf5 18. Bxd4 Rxf3 19. Qxf3 cxd4 20. Ne4
Ng7 21. Rf2 Nf5 22. g4 Nh4 23. Nf6+ Kg7 24. Qe4 Qxe4 25. Nxe4 Re8 26. Kf1 h6
27. Nc5 b6 28. Ne4 Re6 29. Ke2 g5 30. Kd2 Ng6 31. Ng3 Nf4 32. Nf5+ Kg6 33. Nxd4
Rd6 34. Ne2 Ne6 35. a4 Nc5 36. Nc3 Rd4 37. h3 Nxa4 38. Ne4 Nxb2 39. Rf6+ Kg7
40. Rxc6 Rd7 41. Nc3 Kh7 42. Ne4 Na4 43. Nf6+ 1-0

[Event "31st Bulgarian Open Chmpionshi"]
[Site "Plovdiv, Bulgaria"]
[Date "2009.02.04"]
[Round "5.33"]
[White "Bonev, Todor"]
[Black "Kolev, Vasil"]
[Result "1-0"]
[WhiteElo "2246"]
[BlackElo "2008"]
[PlyCount "59"]
[EventDate "2009.02.01"]

1. e4 c5 2. Nf3 d6 3. d4 cxd4 4. Nxd4 Nf6 5. Nc3 a6 6. Bg5 e6 7. f4 Be7 8. Qf3
Nc6 9. O-O-O Nxd4 10. Rxd4 Qb6 11. Rd2 Qc5 12. Bd3 h6 13. Bh4 Qh5 14. Qxh5 Nxh5
15. Bxe7 Kxe7 16. g3 g5 17. Be2 Nf6 18. Bf3 e5 19. Rhd1 gxf4 20. gxf4 exf4 21.
Rxd6 Be6 22. e5 Ng4 23. Bxg4 Bxg4 24. Nd5+ Kf8 25. Rd4 Rc8 26. Rxf4 Bh3 27.
Rdf6 Rh7 28. e6 Rc6 29. Rxf7+ Rxf7 30. Rxf7+ 1-0